000 00792pam a2200241 a 4500
001 4397478
005 20240208041445.0
008 921104s1993 caua b 001 0 eng
020 _a0803937776
020 _a0803937784 (pbk.)
040 _aDLC
_cDLC
_dDLC
082 0 0 _a306.8
_220
_bCAR.
100 1 _aBroderick, Carlfred B.
245 1 0 _aUnderstanding family process :
_bbasics of family systems theory /
_cCarlfred B. Broderick.
260 _aNewbury Park, Calif. :
_bSage Publications,
_c1993.
300 _axiii, 269 p. :
650 0 _aFamilies.
650 0 _aSystem theory.
650 0 _aCommunication in families.
856 4 2 _uhttp://www.loc.gov/catdir/enhancements/fy0655/92040083-d.html
856 4 1 _uhttp://www.loc.gov/catdir/enhancements/fy0655/92040083-t.html
942 _cL
999 _c335
_d335